[Event "HUN-chT Youth 2019"]
[Site "Budapest"]
[Date "2019.10.28"]
[Round "5.15"]
[White "Onodi, Miklos"]
[Black "Porpaczy, Marton"]
[Result "1-0"]
[WhiteElo "1548"]
[BlackElo "1066"]
[Annotator "NA"]
[PlyCount "69"]
[EventDate "2019.10.26"]
[EventType "team-tourn"]
[EventCountry "HUN"]
[SourceTitle "playchess.com"]
[Source "ChessBase"]
[SourceQuality "1"]
[TimeControl "5400+30"]

1. d4 {[%emt 0:00:00]} d5 {[%emt 0:00:00]} 2. Bf4 {[%emt 0:00:00]} c5 {[%emt 0:00:00]} 3. e3 {[%emt 0:00:00]} Nf6 {[%emt 0:00:24]} 4. c3 {[%emt 0:00:05]} Bf5 {[%emt 0:00:12]} 5. Nf3 {[%emt 0:01:00]} a6 {[%emt 0:00:15]} 6. a4 {[%emt 0:01:40]} e6 {[%emt 0:00:44]} 7. Qb3 {[%emt 0:01:41]} Qe7 {[%emt 0:04:39]} 8. dxc5 {[%emt 0:02:34]} Nc6 {[%emt 0:08:11]} 9. Bd6 {[%emt 0:04:24]} Qd7 {[%emt 0:00:23]} 10. Bxf8 {[%emt 0:00:13]} Rxf8 {[%emt 0:00:24]} 11. Nd4 {[%emt 0:01:03]} Nxd4 {[%emt 0:01:53]} 12. cxd4 {[%emt 0:01:13]} Ke7 {[%emt 0:02:35]} 13. Qb4 {[%emt 0:01:46]} Qc6 {[%emt 0:01:21]} 14. Nc3 {[%emt 0:01:59]} Rfd8 {[%emt 0:03:37]} 15. Be2 {[%emt 0:01:52]} Kf8 {[%emt 0:00:40]} 16. O-O {[%emt 0:00:12]} Kg8 {[%emt 0:00:19]} 17. Qb3 {[%emt 0:03:06]} Qc7 {[%emt 0:00:26]} 18. Qd1 {[%emt 0:01:36]} Rac8 {[%emt 0:01:33]} 19. Bd3 {[%emt 0:00:33]} Ng4 {[%emt 0:00:58]} 20. g3 {[%emt 0:00:52]} Nf6 {[%emt 0:01:05]} 21. Bxf5 {[%emt 0:00:34]} exf5 {[%emt 0:00:06]} 22. b4 {[%emt 0:02:29]} Ne4 {[%emt 0:02:26]} 23. Qc2 {[%emt 0:03:31]} Qd7 {[%emt 0:01:08]} 24. Rfb1 {[%emt 0:03:45]} Nxc3 {[%emt 0:00:58]} 25. Qxc3 {[%emt 0:00:08]} Re8 {[%emt 0:00:36]} 26. b5 {[%emt 0:02:13]} axb5 {[%emt 0:00:59]} 27. axb5 {[%emt 0:01:39]} Re6 {[%emt 0:00:31]} 28. Ra7 {[%emt 0:01:14]} Qd8 {[%emt 0:02:12]} 29. Rxb7 {[%emt 0:01:21]} Rh6 {[%emt 0:00:49]} 30. c6 {[%emt 0:01:29]} f6 {[%emt 0:00:51]} 31. Qc5 {[%emt 0:00:41]} Qe8 {[%emt 0:01:17]} 32. Qxd5+ {[%emt 0:00:12]} Kh8 {[%emt 0:00:13]} 33. Qd7 {[%emt 0:00:48]} Qxd7 {[%emt 0:00:41]} 34. cxd7 {[%emt 0:00:12]} Rd8 {[%emt 0:00:11]} 35. Rc1 {[%emt 0:00:18]} 1-0

[Event "HUN-chT Youth 2019"]
[Site "Budapest"]
[Date "2019.10.28"]
[Round "5.16"]
[White "Megyaszai, Balazs"]
[Black "Kovacsy, Barnabas"]
[Result "1/2-1/2"]
[WhiteElo "1894"]
[BlackElo "2093"]
[Annotator "NA RC"]
[PlyCount "79"]
[EventDate "2019.10.26"]
[EventType "team-tourn"]
[EventCountry "HUN"]
[SourceTitle "playchess.com"]
[Source "ChessBase"]
[SourceQuality "1"]
[TimeControl "5400+30"]

1. e4 {[%emt 0:00:00]} c6 {[%emt 0:00:00]} 2. d4 {[%emt 0:00:27]} d5 {[%emt 0:00:00]} 3. exd5 {[%emt 0:00:49]} cxd5 {[%emt 0:00:00]} 4. Bd3 {[%emt 0:01:03]} Nc6 {[%emt 0:00:00]} 5. c3 {[%emt 0:00:49]} Qc7 {[%emt 0:00:24]} 6. h3 {[%emt 0:01:25]} Nf6 {[%emt 0:02:15]} 7. Ne2 {[%emt 0:02:20]} g6 8. O-O {[%emt 0:01:51]} Bf5 {[%emt 0:04:35]} 9. Re1 {[%emt 0:09:01]} e6 {[%emt 0:06:11]} 10. Ng3 {[%emt 0:03:05]} O-O-O {[%emt 0:03:16]} 11. a4 {[%emt 0:05:19]} h6 {[%emt 0:09:38]} 12. Be3 {[%emt 0:05:00]} Bd6 {[%emt 0:01:28]} 13. Nf1 {[%emt 0:06:48]} g5 {[%emt 0:12:43]} 14. b4 {[%emt 0:06:15]} g4 {[%emt 0:03:42]} 15. hxg4 {[%emt 0:03:59]} Bxg4 {[%emt 0:02:43]} 16. Be2 {[%emt 0:04:51]} Rdg8 {[%emt 0:02:43]} 17. Na3 {[%emt 0:04:13]} Qe7 {[%emt 0:05:56]} 18. a5 {[%emt 0:07:00]} Bh3 {[%emt 0:02:39]} 19. Bf3 Ne4 {[%emt 0:00:53]} 20. Nb5 {[%emt 0:07:42]} Bb8 {[%emt 0:04:29]} 21. c4 {[%emt 0:06:13]} Ng5 {[%emt 0:01:08]} 22. g3 {[%emt 0:04:24]} Nxf3+ {[%emt 0:04:20]} 23. Qxf3 {[%emt 0:00:15]} dxc4 {[%emt 0:03:49]} 24. a6 {[%emt 0:02:22]} Bg4 {[%emt 0:04:52]} 25. Qg2 {[%emt 0:02:40]} Qd7 {[%emt 0:02:35]} 26. Nc3 {[%emt 0:03:24]} h5 {[%emt 0:03:40]} 27. Ne4 {[%emt 0:02:44]} Qd5 {[%emt 0:05:10]} 28. b5 {[%emt 0:01:43]} Nb4 {[%emt 0:03:47]} 29. Rec1 {[%emt 0:01:03]} Nd3 {[%emt 0:01:30]} 30. Rc3 {[%emt 0:00:47]} h4 {[%emt 0:01:16]} 31. Nf6 {[%emt 0:01:37]} Qxg2+ {[%emt 0:00:52]} 32. Kxg2 {[%emt 0:00:02]} hxg3 {[%emt 0:04:36]} 33. Rxc4+ {[%emt 0:01:52]} Kd8 {[%emt 0:00:22]} 34. Nxg3 {[%emt 0:01:33]} Bh3+ {[%emt 0:00:44]} 35. Kf3 {[%emt 0:00:38]} Rg6 {[%emt 0:00:58]} 36. Nfe4 {[%emt 0:00:46]} Bg4+ {[%emt 0:00:24]} 37. Kg2 {[%emt 0:00:12]} Bh3+ {[%emt 0:01:04]} 38. Kf3 {[%emt 0:00:59]} Bg4+ {[%emt 0:00:04]} 39. Kg2 {[%emt 0:00:06]} Bh3+ {[%emt 0:00:04]} 40. Kf3 {[%emt 0:01:52]} 1/2-1/2

[Event "HUN-chT Youth 2019"]
[Site "Budapest"]
[Date "2019.10.28"]
[Round "5.17"]
[White "Koltai, Dora"]
[Black "Kocsmar, Akos"]
[Result "1/2-1/2"]
[WhiteElo "1845"]
[BlackElo "1916"]
[Annotator "NA"]
[PlyCount "32"]
[EventDate "2019.10.26"]
[EventType "team-tourn"]
[EventCountry "HUN"]
[SourceTitle "playchess.com"]
[Source "ChessBase"]
[SourceQuality "1"]
[TimeControl "5400+30"]

1. e4 {[%emt 0:00:00]} c6 {[%emt 0:00:00]} 2. d4 {[%emt 0:00:00]} d5 {[%emt 0:00:00]} 3. exd5 {[%emt 0:00:13]} cxd5 {[%emt 0:00:58]} 4. Bd3 {[%emt 0:00:22]} Nc6 {[%emt 0:00:07]} 5. c3 {[%emt 0:00:05]} Nf6 {[%emt 0:00:44]} 6. Bf4 {[%emt 0:00:37]} Bg4 {[%emt 0:02:00]} 7. Qb3 {[%emt 0:00:22]} Qd7 {[%emt 0:00:30]} 8. Nd2 {[%emt 0:00:58]} e6 {[%emt 0:00:48]} 9. Ngf3 {[%emt 0:00:55]} Bd6 {[%emt 0:00:38]} 10. Bxd6 {[%emt 0:03:02]} Qxd6 {[%emt 0:00:09]} 11. O-O {[%emt 0:00:35]} O-O {[%emt 0:00:16]} 12. Rae1 {[%emt 0:02:50]} Bxf3 {[%emt 0:02:59]} 13. Nxf3 {[%emt 0:00:11]} Qc7 {[%emt 0:00:17]} 14. Ne5 {[%emt 0:03:00]} Nxe5 {[%emt 0:00:45]} 15. Rxe5 {[%emt 0:02:55]} Ng4 {[%emt 0:00:47]} 16. Rh5 {[%emt 0:01:55]} g6 1/2-1/2

[Event "HUN-chT Youth 2019"]
[Site "Budapest"]
[Date "2019.10.28"]
[Round "5.18"]
[White "Szamko, Hanna"]
[Black "Matyassy, Lazar"]
[Result "1/2-1/2"]
[WhiteElo "1402"]
[BlackElo "1652"]
[Annotator "NA RC"]
[PlyCount "74"]
[EventDate "2019.10.26"]
[EventType "team-tourn"]
[EventCountry "HUN"]
[SourceTitle "playchess.com"]
[Source "ChessBase"]
[SourceQuality "1"]
[TimeControl "5400+30"]

1. e4 {[%emt 0:00:00]} c5 {[%emt 0:00:00]} 2. Nf3 {[%emt 0:00:00]} Nc6 {[%emt 0:00:00]} 3. d4 {[%emt 0:00:40]} cxd4 {[%emt 0:00:00]} 4. Nxd4 {[%emt 0:00:07]} g6 {[%emt 0:00:00]} 5. Bc4 {[%emt 0:00:51]} Bg7 {[%emt 0:00:05]} 6. Nxc6 {[%emt 0:01:10]} bxc6 {[%emt 0:00:07]} 7. c3 {[%emt 0:01:53]} Nf6 {[%emt 0:00:27]} 8. e5 {[%emt 0:01:17]} Nd5 {[%emt 0:00:12]} 9. Bxd5 {[%emt 0:04:56]} cxd5 {[%emt 0:00:07]} 10. O-O {[%emt 0:00:52]} Bb7 {[%emt 0:01:49]} 11. Re1 {[%emt 0:04:24]} O-O {[%emt 0:00:59]} 12. Bf4 {[%emt 0:06:01]} Qb6 {[%emt 0:02:58]} 13. b3 {[%emt 0:05:32]} Qc6 {[%emt 0:00:51]} 14. f3 {[%emt 0:09:03]} Rac8 {[%emt 0:02:32]} 15. Bg3 {[%emt 0:03:43]} d6 {[%emt 0:07:44]} 16. Qd2 {[%emt 0:04:30]} dxe5 {[%emt 0:05:30]} 17. Bxe5 {[%emt 0:04:52]} Bxe5 {[%emt 0:10:07]} 18. Rxe5 {[%emt 0:04:11]} Qc5+ {[%emt 0:00:34]} 19. Qe3 {[%emt 0:02:16]} Qxe3+ {[%emt 0:00:50]} 20. Rxe3 {[%emt 0:00:17]} e6 {[%emt 0:00:07]} 21. a4 {[%emt 0:06:39]} d4 {[%emt 0:04:50]} 22. Rd3 {[%emt 0:05:46]} Rfd8 {[%emt 0:01:15]} 23. c4 {[%emt 0:02:21]} e5 {[%emt 0:03:30]} 24. Nd2 {[%emt 0:03:39]} Rc7 {[%emt 0:00:24]} 25. Re1 {[%emt 0:04:35]} Re7 {[%emt 0:00:26]} 26. b4 {[%emt 0:04:23]} f5 {[%emt 0:01:03]} 27. Nb3 {[%emt 0:02:06]} Rc7 {[%emt 0:03:07]} 28. Nc5 {[%emt 0:02:01]} Rxc5 {[%emt 0:00:04]} 29. bxc5 {[%emt 0:00:15]} e4 {[%emt 0:01:05]} 30. fxe4 {[%emt 0:01:22]} fxe4 {[%emt 0:03:38]} 31. Rd2 {[%emt 0:02:17]} Kf7 {[%emt 0:01:14]} 32. Red1 {[%emt 0:00:44]} d3 {[%emt 0:00:50]} 33. Kf2 {[%emt 0:00:20]} Ke6 {[%emt 0:00:50]} 34. Ke3 {[%emt 0:00:22]} Ke5 {[%emt 0:00:08]} 35. Rb1 {[%emt 0:00:31]} Rd7 {[%emt 0:00:50]} 36. Rb5 {[%emt 0:01:32]} Ke6 {[%emt 0:01:46]} 37. Ra5 {[%emt 0:03:36]} Ba8 {[%emt 0:02:13] Kxe4 Ke5+} 1/2-1/2

[Event "HUN-chT Youth 2019"]
[Site "Budapest"]
[Date "2019.10.28"]
[Round "5.19"]
[White "Varga, Marcell"]
[Black "Karacsonyi, Gellert"]
[Result "1-0"]
[WhiteElo "2118"]
[BlackElo "2301"]
[Annotator "NA RC"]
[PlyCount "183"]
[EventDate "2019.10.26"]
[EventType "team-tourn"]
[EventCountry "HUN"]
[SourceTitle "playchess.com"]
[Source "ChessBase"]
[SourceQuality "1"]
[TimeControl "5400+30"]

1. d4 {[%emt 0:00:00]} Nf6 {[%emt 0:00:00]} 2. c4 {[%emt 0:00:02]} e6 {[%emt 0:00:03]} 3. Nf3 {[%emt 0:00:10]} d5 {[%emt 0:00:12]} 4. g3 {[%emt 0:00:15]} dxc4 {[%emt 0:01:36]} 5. Bg2 {[%emt 0:00:29]} Bd7 {[%emt 0:00:22]} 6. O-O {[%emt 0:03:18] E04: Open Catalan: 5 Nf3} (6. Ne5 Bc6 7. Nxc6 Nxc6 8. e3 Bb4+ 9. Nd2 e5 10. O-O Bxd2 11. Bxd2 exd4 12. Rc1 O-O 13. Rxc4 Nd5 14. exd4 Qd7 15. Bg5 h6 16. Rc5 {½-½ (26) Wojtaszek,R (2722)-Vitiugov,N (2726) Prague 2019}) 6... Bc6 {[%emt 0:00:38]} 7. a4 {[%emt 0:07:08]} a6 {[%emt 0:01:30]} 8. Nc3 {[%emt 0:00:30]} Be7 $146 {[%emt 0:00:53]} ({Predecessor:} 8... Bb4 9. Qc2 Bxc3 10. Qxc3 Bd5 11. Ne5 Bxg2 12. Kxg2 Qd5+ 13. f3 Nc6 {0-1 (47) Stoyanov,V (2205)-McDonald,N (2403) London 2018}) 9. Ne5 {[%emt 0:01:29]} Bxg2 {[%emt 0:00:08]} 10. Kxg2 {[%emt 0:00:05]} O-O {[%emt 0:05:57]} 11. Nxc4 {[%emt 0:01:19]} Nc6 {[%emt 0:00:24]} 12. e3 {[%emt 0:02:56]} b5 {[%emt 0:15:23]} 13. Nd2 {[%emt 0:08:57]} e5 {[%emt 0:23:03]} 14. Qf3 {[%emt 0:17:33]} exd4 {[%emt 0:02:54]} 15. Qxc6 {[%emt 0:00:09]} dxc3 {[%emt 0:00:28]} 16. bxc3 {[%emt 0:00:38]} Qd5+ {[%emt 0:20:07]} 17. Qxd5 {[%emt 0:00:05]} Nxd5 {[%emt 0:00:07]} 18. c4 {[%emt 0:03:05]} Nb6 {[%emt 0:06:22]} 19. axb5 {[%emt 0:05:58]} axb5 {[%emt 0:00:09]} 20. Rxa8 {[%emt 0:00:07]} Rxa8 {[%emt 0:00:24]} 21. cxb5 {[%emt 0:00:13]} Ra5 {[%emt 0:00:08]} 22. Bb2 {[%emt 0:04:50]} Rxb5 {[%emt 0:00:49]} 23. Rb1 {[%emt 0:00:16]} f6 {[%emt 0:07:39]} 24. Bd4 {[%emt 0:05:21]} Rxb1 {[%emt 0:00:24]} 25. Nxb1 {[%emt 0:00:02]} c5 $11 {[%emt 0:00:18]} 26. Bc3 {[%emt 0:00:22]} Kf7 {[%emt 0:01:31]} 27. Kf3 {[%emt 0:00:19]} Ke6 {[%emt 0:00:13]} 28. Ke4 {[%emt 0:01:28]} Kd6 {[%emt 0:03:35]} 29. h4 {[%emt 0:02:20]} g6 {[%emt 0:00:56]} 30. Nd2 f5+ {[%emt 0:01:41]} 31. Kd3 {[%emt 0:06:34]} Kd5 {[%emt 0:00:47]} 32. e4+ {[%emt 0:01:47]} fxe4+ {[%emt 0:00:01]} 33. Nxe4 {[%emt 0:00:01]} Nd7 {[%emt 0:03:03]} 34. f3 {[%emt 0:03:18]} Bd8 {[%emt 0:01:08]} 35. Bg7 {[%emt 0:01:37]} c4+ {[%emt 0:00:39]} 36. Ke2 {[%emt 0:04:09]} Kc6 {[%emt 0:02:07]} 37. Ke3 {[%emt 0:01:17]} Bc7 {[%emt 0:00:27]} 38. Kd4 {[%emt 0:00:51]} Kb5 {[%emt 0:00:03]} 39. Nc3+ {[%emt 0:00:16]} Kc6 {[%emt 0:00:18]} 40. f4 {[%emt 0:04:54]} Nb6 {[%emt 0:00:17]} 41. Ke4 {[%emt 0:02:58]} Bd8 {[%emt 0:01:25]} 42. Ke5 {[%emt 0:02:40]} Be7 {[%emt 0:01:13]} 43. Ke6 {[%emt 0:01:02]} Bb4 {[%emt 0:00:06]} 44. Kf7 {[%emt 0:03:24]} Nd5 {[%emt 0:00:49]} 45. Ne2 {[%emt 0:01:06]} c3 {[%emt 0:01:30]} 46. Kg8 {[%emt 0:01:08]} c2 {[%emt 0:00:27]} 47. Nd4+ {[%emt 0:00:20]} Kd7 {[%emt 0:00:20]} 48. Nxc2 {[%emt 0:00:06]} Bc5 {[%emt 0:00:31]} 49. Bd4 {[%emt 0:01:29]} Be7 {[%emt 0:00:53]} 50. Kxh7 {[%emt 0:00:24]} Bxh4 {[%emt 0:00:30]} 51. gxh4 {[%emt 0:00:12]} Nxf4 {[%emt 0:00:02]} 52. Ne1 {[%emt 0:01:58]} g5 {[%emt 0:00:27]} 53. hxg5 {[%emt 0:00:23]} Ne6 {[%emt 0:00:01]} 54. g6 {[%emt 0:01:14]} Nf8+ {[%emt 0:00:01]} 55. Kh6 {[%emt 0:00:09]} Nxg6 {[%emt 0:00:02]} 56. Kxg6 {[%emt 0:00:06]} Ke6 {[%emt 0:00:04]} 57. Bf6 {[%emt 0:00:38]} Kd5 {[%emt 0:00:01]} 58. Kf5 {[%emt 0:00:13]} Kd6 {[%emt 0:00:01]} 59. Nc2 {[%emt 0:00:43]} Kd5 {[%emt 0:00:01]} 60. Ne3+ {[%emt 0:00:22]} Kd6 {[%emt 0:00:14]} 61. Be5+ {[%emt 0:00:30]} Kd7 {[%emt 0:00:14]} 62. Ke4 {[%emt 0:00:33]} Ke6 {[%emt 0:00:07]} 63. Nc4 {[%emt 0:00:32]} Ke7 {[%emt 0:00:03]} 64. Kf5 {[%emt 0:00:25]} Kd7 {[%emt 0:01:17]} 65. Na5 {[%emt 0:00:02]} Ke7 {[%emt 0:00:16]} 66. Bf4 {[%emt 0:00:25]} Kd7 {[%emt 0:00:06]} 67. Kf6 {[%emt 0:00:27]} Kd8 {[%emt 0:00:23]} 68. Ke6 {[%emt 0:00:29]} Kc8 {[%emt 0:00:03]} 69. Kd6 {[%emt 0:01:38]} Kd8 {[%emt 0:00:24]} 70. Nb7+ {[%emt 0:01:16]} Kc8 {[%emt 0:00:13]} 71. Nc5 {[%emt 0:00:06]} Kb8 {[%emt 0:00:16]} 72. Kc6+ {[%emt 0:00:26]} Ka7 {[%emt 0:00:14]} 73. Nd7 {[%emt 0:00:21]} Ka8 {[%emt 0:00:27]} 74. Nb6+ {[%emt 0:00:08]} Ka7 {[%emt 0:00:01]} 75. Bg3 {[%emt 0:00:14]} Ka6 {[%emt 0:00:02]} 76. Bb8 {[%emt 0:02:51]} Ka5 {[%emt 0:00:01]} 77. Nd5 {[%emt 0:00:52]} Ka4 {[%emt 0:00:01]} 78. Kc5 {[%emt 0:00:25]} Kb3 {[%emt 0:00:09]} 79. Nb4 {[%emt 0:00:44]} Kb2 {[%emt 0:00:35]} 80. Bf4 {[%emt 0:00:26]} Kc3 {[%emt 0:00:02]} 81. Bg5 {[%emt 0:00:25]} Kb3 {[%emt 0:00:10]} 82. Bf6 {[%emt 0:00:16]} Ka4 {[%emt 0:00:10]} 83. Kc4 {[%emt 0:00:24]} Ka3 {[%emt 0:00:13]} 84. Nd3 {[%emt 0:00:26]} Ka4 {[%emt 0:00:03]} 85. Bd8 {[%emt 0:00:12]} Ka3 {[%emt 0:00:01]} 86. Bc7 {[%emt 0:00:45]} Ka4 {[%emt 0:00:06]} 87. Nb2+ {[%emt 0:00:21]} Ka3 {[%emt 0:00:03]} 88. Kc3 {[%emt 0:00:11]} Ka2 {[%emt 0:00:02]} 89. Kc2 {[%emt 0:00:28]} Ka1 {[%emt 0:00:12]} 90. Bd6 {[%emt 0:00:41]} Ka2 {[%emt 0:00:02]} 91. Nd3 {[%emt 0:00:22]} Ka1 {[%emt 0:00:02]} 92. Be7 {[%emt 0:00:13]} 1-0

[Event "HUN-chT Youth 2019"]
[Site "Budapest"]
[Date "2019.10.28"]
[Round "5.20"]
[White "Demjen, Mark"]
[Black "Blahota, Marcell"]
[Result "0-1"]
[WhiteElo "1902"]
[BlackElo "1765"]
[Annotator "NA RC"]
[PlyCount "74"]
[EventDate "2019.10.26"]
[EventType "team-tourn"]
[EventCountry "HUN"]
[SourceTitle "playchess.com"]
[Source "ChessBase"]
[SourceQuality "1"]
[TimeControl "5400+30"]

1. e4 {[%emt 0:00:00]} c6 {[%emt 0:00:00]} 2. d4 {[%emt 0:00:00]} d5 {[%emt 0:00:00]} 3. Nc3 {[%emt 0:00:00]} dxe4 {[%emt 0:00:12]} 4. Nxe4 {[%emt 0:00:00]} Bf5 {[%emt 0:00:27]} 5. Ng3 {[%emt 0:00:00]} Bg6 {[%emt 0:00:38]} 6. Nh3 {[%emt 0:00:06]} e6 {[%emt 0:00:29]} 7. Nf4 {[%emt 0:00:06]} Bd6 {[%emt 0:00:37]} 8. h4 {[%emt 0:01:49]} Bxf4 {[%emt 0:17:33]} 9. Bxf4 {[%emt 0:00:08]} h6 {[%emt 0:00:08]} 10. h5 {[%emt 0:00:57]} Bh7 {[%emt 0:00:09]} 11. Qg4 {[%emt 0:00:56]} Qxd4 {[%emt 0:09:11]} 12. Rd1 {[%emt 0:00:36]} Qxb2 {[%emt 0:02:10]} 13. Bd3 {[%emt 0:07:21]} Qc3+ {[%emt 0:09:54]} 14. Ke2 {[%emt 0:07:56]} Nd7 {[%emt 0:07:00]} 15. Bxh7 {[%emt 0:01:44]} Rxh7 {[%emt 0:00:58]} 16. Rxd7 {[%emt 0:13:06]} Nf6 {[%emt 0:12:11]} 17. Qf3 {[%emt 0:04:54]} Qxf3+ {[%emt 0:02:19]} 18. Kxf3 {[%emt 0:00:05]} Kxd7 {[%emt 0:00:24]} 19. Rd1+ {[%emt 0:00:25]} Ke8 {[%emt 0:00:41]} 20. Be5 {[%emt 0:01:38]} Rd8 {[%emt 0:01:31]} 21. Rb1 {[%emt 0:00:12]} b6 {[%emt 0:01:22]} 22. Rb3 {[%emt 0:00:05]} Rd5 {[%emt 0:06:49]} 23. Bc3 {[%emt 0:05:32]} Rh8 {[%emt 0:04:31]} 24. Ra3 {[%emt 0:00:17]} Rd7 {[%emt 0:01:38]} 25. Be5 {[%emt 0:00:46]} Ke7 {[%emt 0:01:20]} 26. Re3 {[%emt 0:00:35]} Rhd8 {[%emt 0:01:30]} 27. Rc3 {[%emt 0:10:10]} c5 {[%emt 0:02:15]} 28. Ra3 {[%emt 0:00:17]} Rb7 {[%emt 0:04:48]} 29. Ra4 {[%emt 0:05:37]} Rd5 {[%emt 0:00:50]} 30. Bb2 {[%emt 0:03:35]} Nxh5 {[%emt 0:01:12]} 31. c4 {[%emt 0:02:16]} Rd2 {[%emt 0:03:54]} 32. Bc1 {[%emt 0:02:14]} Rc2 {[%emt 0:04:05]} 33. Ne2 {[%emt 0:00:50]} Rd7 {[%emt 0:00:32]} 34. Be3 {[%emt 0:00:23]} e5 {[%emt 0:00:26]} 35. Ng1 {[%emt 0:04:40]} f5 {[%emt 0:00:32]} 36. g4 {[%emt 0:00:22]} e4+ 37. Kg2 {[%emt 0:01:23]} f4 {[%emt 0:00:36]} 0-1

[Event "HUN-chT Youth 2019"]
[Site "Budapest"]
[Date "2019.10.28"]
[Round "5.21"]
[White "Oros, Mikhailo"]
[Black "Kocsis, Peter"]
[Result "1/2-1/2"]
[WhiteElo "1704"]
[BlackElo "1929"]
[Annotator "NA RC"]
[PlyCount "46"]
[EventDate "2019.10.26"]
[EventType "team-tourn"]
[EventCountry "HUN"]
[SourceTitle "playchess.com"]
[Source "ChessBase"]
[SourceQuality "1"]
[TimeControl "5400+30"]

1. Nf3 {[%emt 0:00:00]} Nf6 {[%emt 0:00:00]} 2. g3 {[%emt 0:00:00]} b6 {[%emt 0:00:00]} 3. Bg2 {[%emt 0:00:19]} Bb7 {[%emt 0:00:00]} 4. d4 {[%emt 0:02:07]} d5 {[%emt 0:00:00]} 5. O-O {[%emt 0:00:23]} e6 {[%emt 0:00:08]} 6. e3 {[%emt 0:03:25]} Bd6 {[%emt 0:01:16]} 7. c4 {[%emt 0:01:49]} O-O {[%emt 0:00:57]} 8. cxd5 {[%emt 0:00:41]} exd5 {[%emt 0:01:00]} 9. Nc3 {[%emt 0:01:06]} a6 {[%emt 0:01:35]} 10. Bd2 {[%emt 0:02:01]} Nbd7 {[%emt 0:01:01]} 11. Rc1 {[%emt 0:01:56]} Ne4 {[%emt 0:03:21]} 12. Qb3 {[%emt 0:06:56]} Ndf6 {[%emt 0:01:34]} 13. Rfd1 {[%emt 0:01:18]} Qe7 {[%emt 0:03:00]} 14. Nh4 {[%emt 0:06:32]} g6 {[%emt 0:02:20]} 15. Nf3 {[%emt 0:03:23]} Kh8 {[%emt 0:03:17]} 16. Ne1 {[%emt 0:03:41]} Rad8 {[%emt 0:04:21]} 17. Nd3 {[%emt 0:02:58]} Nxc3 {[%emt 0:01:33]} 18. Bxc3 {[%emt 0:00:41]} Ne4 {[%emt 0:02:26]} 19. Bb4 {[%emt 0:01:33]} Bxb4 {[%emt 0:04:22]} 20. Qxb4 {[%emt 0:00:27]} Rfe8 {[%emt 0:02:47]} 21. Qxe7 {[%emt 0:03:24]} Rxe7 {[%emt 0:00:04]} 22. Rc2 {[%emt 0:00:21]} Rc8 {[%emt 0:05:42]} 23. Rdc1 {[%emt 0:00:29]} f5 {[%emt 0:01:43]} 1/2-1/2

[Event "HUN-chT Youth 2019"]
[Site "Budapest"]
[Date "2019.10.28"]
[Round "5.22"]
[White "Sulyok, Eszter"]
[Black "Dan, Marcell"]
[Result "1-0"]
[WhiteElo "1893"]
[BlackElo "1542"]
[Annotator "NA RC"]
[PlyCount "89"]
[EventDate "2019.10.26"]
[EventType "team-tourn"]
[EventCountry "HUN"]
[SourceTitle "playchess.com"]
[Source "ChessBase"]
[SourceQuality "1"]
[TimeControl "5400+30"]

1. c4 {[%emt 0:00:00]} c6 {[%emt 0:00:00]} 2. g3 {[%emt 0:00:00]} d5 {[%emt 0:00:00]} 3. Bg2 {[%emt 0:00:00]} Nf6 {[%emt 0:00:17]} 4. Nf3 {[%emt 0:00:14]} Bf5 {[%emt 0:03:27]} 5. b3 {[%emt 0:01:06]} Nbd7 {[%emt 0:01:25]} 6. Bb2 {[%emt 0:00:14]} e6 {[%emt 0:02:04]} 7. O-O {[%emt 0:02:05]} Bd6 {[%emt 0:00:57]} 8. d4 {[%emt 0:04:04]} O-O {[%emt 0:03:53]} 9. Nbd2 {[%emt 0:01:58]} Re8 {[%emt 0:12:54]} 10. Re1 {[%emt 0:06:20]} Bg6 {[%emt 0:20:06]} 11. Rc1 {[%emt 0:08:46]} dxc4 {[%emt 0:04:28]} 12. Nxc4 {[%emt 0:00:16]} Qe7 {[%emt 0:01:15]} 13. Nfd2 {[%emt 0:03:12]} Rac8 {[%emt 0:06:47]} 14. e4 {[%emt 0:04:15]} Bb4 {[%emt 0:04:32]} 15. a3 {[%emt 0:01:12]} Bxd2 {[%emt 0:01:15]} 16. Qxd2 {[%emt 0:01:07]} Nb6 {[%emt 0:04:56]} 17. Qa5 {[%emt 0:13:49]} Nxc4 {[%emt 0:04:46]} 18. bxc4 {[%emt 0:00:04]} b6 {[%emt 0:00:52]} 19. Qa4 {[%emt 0:01:46]} Qb7 {[%emt 0:12:25]} 20. d5 {[%emt 0:06:42]} exd5 {[%emt 0:05:13]} 21. exd5 {[%emt 0:01:08]} Rxe1+ {[%emt 0:01:17]} 22. Rxe1 {[%emt 0:00:04]} cxd5 {[%emt 0:00:09]} 23. cxd5 {[%emt 0:00:05]} Qd7 {[%emt 0:00:10]} 24. Qd4 {[%emt 0:01:28]} Rd8 {[%emt 0:01:49]} 25. Rd1 {[%emt 0:00:47]} Ne8 {[%emt 0:02:03]} 26. Bc3 {[%emt 0:02:38]} f6 {[%emt 0:00:24]} 27. Re1 {[%emt 0:02:07]} Bf7 {[%emt 0:00:56]} 28. Bb4 {[%emt 0:02:00]} Nc7 {[%emt 0:01:20]} 29. Be7 {[%emt 0:05:33]} Rc8 {[%emt 0:03:25]} 30. d6 {[%emt 0:08:20]} Ne8 {[%emt 0:01:20]} 31. Bf3 {[%emt 0:00:59]} Rc4 {[%emt 0:00:33]} 32. Qd3 {[%emt 0:00:18]} Rc8 {[%emt 0:00:31]} 33. Bd5 {[%emt 0:01:12]} Bxd5 {[%emt 0:00:28]} 34. Qxd5+ {[%emt 0:00:04]} Kh8 {[%emt 0:00:06]} 35. Qe6 {[%emt 0:00:16]} Qxe6 {[%emt 0:00:45]} 36. Rxe6 {[%emt 0:00:03]} Rc1+ {[%emt 0:00:06]} 37. Kg2 {[%emt 0:00:03]} Rd1 {[%emt 0:00:11]} 38. Bf8 {[%emt 0:00:04]} Kg8 {[%emt 0:00:44]} 39. Rxe8 {[%emt 0:00:04]} Kf7 {[%emt 0:00:12]} 40. Ra8 {[%emt 0:00:05]} a5 {[%emt 0:01:26]} 41. Be7 {[%emt 0:00:10]} Ke6 {[%emt 0:00:28]} 42. Ra6 {[%emt 0:00:11]} Rb1 {[%emt 0:00:22]} 43. Bd8 {[%emt 0:00:04]} Kxd6 {[%emt 0:00:35]} 44. Rxb6+ {[%emt 0:00:05]} Rxb6 {[%emt 0:00:11]} 45. Bxb6 {[%emt 0:00:01]} 1-0